|
|
|
|
| LEADER |
00000nab a2200000 a 4500 |
| 001 |
vtls001505089 |
| 003 |
SK-MaSNL |
| 005 |
20260305023745.0 |
| 008 |
250505s1998 xo 000 0 slo |
| 035 |
|
|
|a SPKCL7416
|
| 035 |
|
|
|a urn:nbn:sk:snk-abukf
|
| 035 |
|
|
|a (urnnbn)urn:nbn:sk:snk:ar-a0532c
|
| 035 |
|
|
|a (uuid)d107b4f1-62fc-4527-bfc6-d520786c7b4e
|
| 040 |
|
|
|a SNKBUCL
|b slo
|c SNKBUCL
|e AACR2
|
| 041 |
0 |
|
|a slo
|
| 044 |
|
|
|a xo
|c SK
|
| 080 |
|
|
|a 378.637:372.874
|2 1981
|
| 100 |
1 |
|
|a Zabadal, Ľubomír
|4 aut
|9 342369
|
| 245 |
1 |
0 |
|a Ready - made
|b Inšpiračný zdroj vo výtvarnej príprave učiteľov 1. stupňa
|c Ľubomír Zabadal
|
| 650 |
0 |
7 |
|a príprava učiteľov
|2 snkbucl
|9 838315
|
| 650 |
0 |
7 |
|a výtvarná výchova
|2 snkbucl
|9 2777
|
| 650 |
0 |
7 |
|a vysoké školy
|2 snkbucl
|9 1277
|
| 650 |
0 |
7 |
|a ready - made
|2 snkbucl
|9 1602034
|
| 773 |
0 |
|
|t Múzy v škole
|g Roč. 3, č. 3 (1998), s. 24
|
| 850 |
|
|
|a Slovenská národná knižnica
|
| 852 |
|
|
|a Slovenská národná knižnica
|
| 954 |
|
|
|a odborná, vedecká literatúra pôvodná (slovenská)
|2 lita
|
| 958 |
|
|
|a article27
|
| 958 |
|
|
|a OND
|
| 958 |
|
|
|a EUIPO
|
| 999 |
|
|
|c 3298921
|d 3300851
|